[Event "Wachtebeke Seniors op"]
[Site "Wachtebeke"]
[Date "2024.02.12"]
[Round "1"]
[White "Motwani, Paul"]
[Black "Van Steenkiste, Luc"]
[Result "1-0"]
[WhiteElo "2421"]
[BlackElo "1721"]
[PlyCount "31"]
[EventDate "2024.02.12"]
[EventType "swiss"]
[EventRounds "6"]
[EventCountry "BEL"]
[SourceTitle "CB08_2024"]
[SourceDate "2024.02.21"]
[SourceVersion "1"]
[SourceVersionDate "2024.02.21"]
[SourceQuality "1"]

1. e4 d5 2. exd5 Nf6 3. Nf3 Qxd5 4. Nc3 Qh5 5. d4 Bg4 6. Bf4 Bxf3 7. gxf3 c6 8. Qe2 e6 9. 0-0-0 Nbd7 10. d5 Qf5 11. Bg3 Be7 12. dxe6 fxe6 13. h4 0-0-0 14. Bh3 Qa5 15. Qxe6 Rhe8 16. Qf7 1-0

[Event "Wachtebeke Seniors op"]
[Site "Wachtebeke"]
[Date "2024.02.12"]
[Round "2"]
[White "Versporten, Wim"]
[Black "Motwani, Paul"]
[Result "0-1"]
[WhiteElo "1942"]
[BlackElo "2421"]
[PlyCount "62"]
[EventDate "2024.02.12"]
[EventType "swiss"]
[EventRounds "6"]
[EventCountry "BEL"]
[SourceTitle "CB08_2024"]
[SourceDate "2024.02.21"]
[SourceVersion "1"]
[SourceVersionDate "2024.02.21"]
[SourceQuality "1"]

1. d4 g6 2. Nf3 Bg7 3. Bf4 d6 4. e3 Nd7 5. h3 e5 6. Bh2 Nh6 7. Be2 0-0 8. 0-0 e4 9. Nfd2 f5 10. c4 Nf6 11. Nc3 Nf7 12. b4 Bd7 13. c5 d5 14. Nb5 Ne8 15. Nc3 Be6 16. Nb3 Qe7 17. a4 Bh6 18. Na5 Nd8 19. Qd2 Rc8 20. Nb5 a6 21. Nc3 g5 22. f3 exf3 23. gxf3 f4 24. e4 Nf6 25. Nxd5 Nxd5 26. exd5 Bxd5 27. Rfe1 Qd7 28. c6 Nxc6 29. Nxb7 Bg7 30. Kg2 Nxd4 31. Nc5 Nxf3 0-1

[Event "GBR-ch Seniors 50 108th"]
[Site "Torquay"]
[Date "2022.08.08"]
[Round "1"]
[White "Motwani, Paul"]
[Black "Handley, Michael R"]
[Result "1-0"]
[WhiteElo "2420"]
[BlackElo "1975"]
[PlyCount "75"]
[EventDate "2022.08.08"]
[EventType "swiss"]
[EventRounds "7"]
[EventCountry "ENG"]
[SourceTitle "EXT 2024"]
[Source "ChessBase"]
[SourceDate "2023.10.10"]
[SourceVersion "1"]
[SourceVersionDate "2023.10.10"]
[SourceQuality "1"]

1. d4 Nf6 2. Nf3 g6 3. Nc3 d5 4. Bf4 a6 5. e3 Bg7 6. Be2 c5 7. Ne5 Nc6 8. 0-0 cxd4 9. exd4 Qb6 10. Nxc6 Qxc6 11. Re1 0-0 12. Bf3 Re8 13. Be5 Be6 14. h3 Rac8 15. a4 b6 16. Be2 Qb7 17. Bd3 Bd7 18. Qd2 Bc6 19. f3 Nd7 20. Bxg7 Kxg7 21. h4 Nf6 22. Re5 Ra8 23. h5 b5 24. a5 Nd7 25. Re3 Qa7 26. Ne2 e5 27. c3 f6 28. Re1 Nf8 29. Kf1 Qc7 30. Bc2 Rad8 31. h6+ Kh8 32. dxe5 fxe5 33. Bb3 Qf7 34. Kg1 Qf6 35. Rd3 Qh4 36. Rd1 Ne6 37. Qe3 Nc7 38. Qb6 1-0

[Event "Dublin Irish New Year GM"]
[Site "Dublin"]
[Date "2022.01.04"]
[Round "5"]
[White "Motwani, Paul"]
[Black "Stefansson, Vignir Vatnar"]
[Result "0-1"]
[WhiteElo "2432"]
[BlackElo "2465"]
[PlyCount "138"]
[EventDate "2022.01.02"]
[EventType "tourn"]
[EventRounds "9"]
[EventCountry "IRL"]
[EventCategory "5"]
[SourceTitle "EXT 2023"]
[Source "ChessBase"]
[SourceDate "2022.10.05"]
[SourceVersion "1"]
[SourceVersionDate "2022.10.05"]
[SourceQuality "1"]

1. d4 Nf6 2. Bg5 d5 3. Nd2 c5 4. dxc5 Na6 5. e4 Nxc5 6. exd5 Nxd5 7. Nb3 Qd6 8. Nf3 h6 9. Bd2 e6 10. Bb5+ Bd7 11. Qe2 a6 12. Bc4 Nf4 13. Bxf4 Qxf4 14. Ne5 Bd6 15. Nxd7 Nxd7 16. g3 Qe5 17. 0-0-0 Qxe2 18. Bxe2 Bc7 19. h4 Bb6 20. f4 h5 21. Rd3 0-0-0 22. Nd2 Nf6 23. Rb3 Bd4 24. Bf3 b6 25. Rh2 Kc7 26. Re2 Nd7 27. Rb4 Bc5 28. Rc4 b5 29. Rc3 Kb6 30. Nb3 b4 31. Rc4 Kb5 32. Re5 Rc8 33. Be2 Kb6 34. Ree4 a5 35. Nxc5 Rxc5 36. Rxc5 Nxc5 37. Re3 g6 38. a3 Rd8 39. axb4 axb4 40. Bf3 Rd4 41. c3 Rc4 42. Kd2 b3 43. Re1 Ra4 44. Ke3 Ra2 45. Rb1 Ra7 46. Rd1 Kc7 47. Rd4 Ra2 48. Rd2 f6 49. Kd4 Kb6 50. Ke3 Ra5 51. Rd4 Kc7 52. Bd1 Ra1 53. Rd2 e5 54. fxe5 fxe5 55. Bf3 e4 56. Bd1 Kc6 57. Kd4 Rb1 58. Ke3 Ra1 59. Kf4 Ra8 60. Ke3 Rf8 61. Be2 Nb7 62. Kxe4 Nd6+ 63. Ke5 Rf5+ 64. Ke6 Ne4 65. Bd3 Nxd2 66. Bxf5 gxf5 67. Kxf5 Nc4 68. g4 hxg4 69. Kxg4 Nxb2 0-1

[Event "Dublin Irish New Year GM"]
[Site "Dublin"]
[Date "2022.01.03"]
[Round "2"]
[White "Fitzsimons, David"]
[Black "Motwani, Paul"]
[Result "1/2-1/2"]
[WhiteElo "2337"]
[BlackElo "2432"]
[PlyCount "94"]
[EventDate "2022.01.02"]
[EventType "tourn"]
[EventRounds "9"]
[EventCountry "IRL"]
[EventCategory "5"]
[SourceTitle "EXT 2023"]
[Source "ChessBase"]
[SourceDate "2022.10.05"]
[SourceVersion "1"]
[SourceVersionDate "2022.10.05"]
[SourceQuality "1"]

1. e4 e6 2. d4 d5 3. Nc3 Bb4 4. Nge2 Nc6 5. a3 Ba5 6. b4 Bb6 7. Bb2 Nh6 8. Qd2 0-0 9. Na4 Qh4 10. Nxb6 axb6 11. exd5 exd5 12. Qf4 Qxf4 13. Nxf4 Rd8 14. h3 Bf5 15. 0-0-0 g5 16. Ne2 Bg6 17. g4 f5 18. f3 Nf7 19. Nc3 f4 20. h4 h6 21. Nb5 Ne7 22. Re1 Rd7 23. c4 Nd6 24. cxd5 Nxd5 25. hxg5 hxg5 26. Re5 Nf7 27. Re6 Kg7 28. Nc3 c6 29. Bc4 Nd6 30. Nxd5 cxd5 31. Bxd5 Rc8+ 32. Kd1 Nb5 33. Rxg6+ Kxg6 34. Be4+ Kf6 35. d5+ Ke7 36. Rh7+ Kd6 37. Rxd7+ Kxd7 38. Bf5+ Kd8 39. Bf6+ Kc7 40. a4 Rf8 41. Be5+ Nd6 42. Kd2 Ra8 43. Bc2 Re8 44. Bd4 Nc4+ 45. Kc3 Ne5 46. Be4 Nxg4 47. Bg6 Re3+ 1/2-1/2

[Event "Geraardsbergen op 36th"]
[Site "Geraardsbergen"]
[Date "2021.08.12"]
[Round "9"]
[White "Lahaye, Rick"]
[Black "Motwani, Paul"]
[Result "1/2-1/2"]
[WhiteElo "2397"]
[BlackElo "2440"]
[PlyCount "80"]
[EventDate "2021.08.08"]
[EventType "swiss"]
[EventRounds "9"]
[EventCountry "BEL"]
[SourceTitle "CBM 203 Extra"]
[Source "ChessBase"]
[SourceDate "2021.09.30"]
[SourceVersion "1"]
[SourceVersionDate "2021.09.30"]
[SourceQuality "1"]

1. d4 e6 2. Nf3 f5 3. h3 Nf6 4. Rg1 d6 5. g4 Qe7 6. Nc3 c6 7. Bg5 Nbd7 8. e4 fxg4 9. hxg4 e5 10. Be2 a6 11. a4 b6 12. Be3 g6 13. dxe5 dxe5 14. Nd2 Nc5 15. g5 Nfd7 16. b4 Ne6 17. b5 Bb7 18. Bc4 Nd4 19. bxc6 Bxc6 20. Nd5 Bxd5 21. Bxd5 Rc8 22. c4 a5 23. Kf1 Qg7 24. Bxd4 exd4 25. e5 Nxe5 26. Ne4 Nd7 27. Qg4 Kd8 28. Be6 Rc7 29. Rg3 Bb4 30. Nf6 Nxf6 31. Qxd4+ Ke7 32. Re3 Ne8 33. Bd7+ Kd8 34. Rxe8+ Rxe8 35. Qxg7 Rxd7 36. Qf6+ Kc7 37. Ra2 Rf8 38. Qe5+ Bd6 39. Qe4 Bc5 40. Kg2 Re7 1/2-1/2

[Event "BEL-chT 1718"]
[Site "Belgium"]
[Date "2018.02.25"]
[Round "7.2"]
[White "Van den Doel, Erik"]
[Black "Motwani, Paul"]
[Result "1-0"]
[WhiteElo "2591"]
[BlackElo "2453"]
[PlyCount "61"]
[EventDate "2017.09.24"]
[EventType "team-tourn"]
[EventRounds "11"]
[EventCountry "BEL"]
[SourceTitle "EXT 2019"]
[Source "ChessBase"]
[SourceDate "2018.10.10"]
[SourceVersion "1"]
[SourceVersionDate "2018.10.10"]
[SourceQuality "1"]
[WhiteTeam "Wirtzfeld"]
[BlackTeam "KBSK Brugge"]
[WhiteTeamCountry "BEL"]
[BlackTeamCountry "BEL"]

1. d4 d5 2. Bf4 e6 3. e3 Bd6 4. Bg3 c5 5. Nf3 Nc6 6. c3 Nf6 7. Nbd2 Qe7 8. Ne5 Bxe5 9. dxe5 Nd7 10. Bb5 0-0 11. Bxc6 bxc6 12. c4 Nb6 13. b3 Ba6 14. Rc1 f5 15. exf6 gxf6 16. 0-0 Rad8 17. Qc2 e5 18. Qc3 Bc8 19. cxd5 cxd5 20. Qxc5 Qf7 21. f4 Ba6 22. Rfe1 e4 23. Qd4 f5 24. Rc5 Rd7 25. Nb1 Qg7 26. Nc3 Qxd4 27. exd4 Rc8 28. Bf2 Kf7 29. Rc1 Rdc7 30. Nxe4 Rxc5 31. Nd6+ 1-0

[Event "NED-chT 0910"]
[Site "Netherlands"]
[Date "2010.04.18"]
[Round "9.1"]
[White "Ernst, Sipke"]
[Black "Motwani, Paul"]
[Result "1-0"]
[WhiteElo "2571"]
[BlackElo "2497"]
[PlyCount "75"]
[EventDate "2009.09.26"]
[EventType "team"]
[EventRounds "9"]
[EventCountry "NED"]
[SourceTitle "EXT 2011"]
[Source "ChessBase"]
[SourceDate "2010.11.26"]
[SourceVersion "1"]
[SourceVersionDate "2010.11.26"]
[SourceQuality "1"]
[WhiteTeam "Groningen Hotels"]
[BlackTeam "Sas van Gent"]
[WhiteTeamCountry "NED"]
[BlackTeamCountry "NED"]

1. d4 d5 2. c4 c6 3. Nf3 Nf6 4. Nc3 dxc4 5. a4 Bf5 6. Ne5 Nbd7 7. Nxc4 Qc7 8. g3 e5 9. dxe5 Nxe5 10. Bf4 Nfd7 11. Bg2 f6 12. 0-0 Nc5 13. Ne3 Bg6 14. b4 Ne6 15. b5 Rd8 16. Qb3 Nc5 17. Qa2 Bd6 18. Rac1 Bf7 19. Qb1 g6 20. Bxe5 Bxe5 21. bxc6 bxc6 22. Ng4 0-0 23. Qb4 Qb6 24. Qxb6 axb6 25. Nxe5 fxe5 26. Bxc6 Rc8 27. Bd5 Nb3 28. Bxb3 Bxb3 29. f3 Rf7 30. Ne4 Rxc1 31. Rxc1 Bxa4 32. Rc8+ Kg7 33. Kf2 Rd7 34. Ke3 Kf7 35. Rh8 Ke6 36. Rb8 Bc2 37. Rxb6+ Ke7 38. Rb5 1-0

[Event "NED-chT 0910"]
[Site "Netherlands"]
[Date "2010.03.06"]
[Round "7.3"]
[White "De Jager, Jaap"]
[Black "Motwani, Paul"]
[Result "0-1"]
[WhiteElo "2357"]
[BlackElo "2497"]
[PlyCount "50"]
[EventDate "2009.09.26"]
[EventType "team"]
[EventRounds "9"]
[EventCountry "NED"]
[SourceTitle "EXT 2011"]
[Source "ChessBase"]
[SourceDate "2010.11.26"]
[SourceVersion "1"]
[SourceVersionDate "2010.11.26"]
[SourceQuality "1"]
[WhiteTeam "Enschede Braceland"]
[BlackTeam "Sas van Gent"]
[WhiteTeamCountry "NED"]
[BlackTeamCountry "NED"]

1. c4 e5 2. g3 c6 3. d4 e4 4. Nc3 Bb4 5. Qb3 a5 6. a3 Bxc3+ 7. Qxc3 d5 8. f3 Nf6 9. Bg5 Bf5 10. Bg2 h6 11. Bf4 dxc4 12. Qxc4 Qb6 13. Bc1 Be6 14. Qc5 Qxc5 15. dxc5 Nbd7 16. Be3 0-0 17. Nh3 Rfe8 18. Kf2 Nd5 19. Bd4 e3+ 20. Ke1 b6 21. Nf4 Nxc5 22. Nxd5 Bxd5 23. Rd1 Rad8 24. b4 axb4 25. axb4 Bb3 0-1

[Event "NED-chT 0910"]
[Site "Netherlands"]
[Date "2010.02.06"]
[Round "6.2"]
[White "Motwani, Paul"]
[Black "Krudde, Fitzgerald"]
[Result "1-0"]
[WhiteElo "2497"]
[BlackElo "2319"]
[PlyCount "61"]
[EventDate "2009.09.26"]
[EventType "team"]
[EventRounds "9"]
[EventCountry "NED"]
[SourceTitle "EXT 2011"]
[Source "ChessBase"]
[SourceDate "2010.11.26"]
[SourceVersion "1"]
[SourceVersionDate "2010.11.26"]
[SourceQuality "1"]
[WhiteTeam "Sas van Gent"]
[BlackTeam "Nijmegen"]
[WhiteTeamCountry "NED"]
[BlackTeamCountry "NED"]

1. g3 d5 2. Nf3 c6 3. Bg2 Nf6 4. 0-0 Bg4 5. d4 Bxf3 6. Bxf3 e6 7. Nd2 Nbd7 8. c4 Be7 9. e4 dxe4 10. Nxe4 Nxe4 11. Bxe4 Nf6 12. Bf3 0-0 13. Be3 Qc7 14. Qb3 Rfd8 15. Rfd1 Rd7 16. Rac1 Rad8 17. d5 exd5 18. cxd5 c5 19. Qc4 b6 20. b4 Rc8 21. Bf4 Bd6 22. Bg5 Re8 23. Bxf6 gxf6 24. Qg4+ Kf8 25. Qf5 Be5 26. Bg4 Rd6 27. f4 Bb2 28. Rc2 Ba3 29. Qxh7 Re3 30. Kf2 Qe7 31. Qh8# 1-0

[Event "NED-chT 0910"]
[Site "Netherlands"]
[Date "2009.11.21"]
[Round "3.3"]
[White "Motwani, Paul"]
[Black "Van Haastert, Edwin"]
[Result "1/2-1/2"]
[WhiteElo "2497"]
[BlackElo "2413"]
[PlyCount "47"]
[EventDate "2009.09.26"]
[EventType "team"]
[EventRounds "9"]
[EventCountry "NED"]
[SourceTitle "EXT 2011"]
[Source "ChessBase"]
[SourceDate "2010.11.26"]
[SourceVersion "1"]
[SourceVersionDate "2010.11.26"]
[SourceQuality "1"]
[WhiteTeam "Sas van Gent"]
[BlackTeam "Leiden LSG"]
[WhiteTeamCountry "NED"]
[BlackTeamCountry "NED"]

1. e4 e6 2. d4 d5 3. Nd2 Be7 4. e5 Nh6 5. Ndf3 c5 6. dxc5 Bxc5 7. Bxh6 gxh6 8. Bb5+ Bd7 9. Bxd7+ Nxd7 10. Nh3 Qc7 11. Qe2 Bb4+ 12. Kf1 0-0-0 13. Nf4 Kb8 14. g3 Rc8 15. c3 Bf8 16. Kg2 Bg7 17. Rhe1 Rhg8 18. Rad1 Qc4 19. Qe3 Nb6 20. a3 Qb3 21. Nd3 Nc4 22. Qf4 Rc7 23. Nd4 Qb6 24. Re2 1/2-1/2

[Event "NED-chT 0910"]
[Site "Netherlands"]
[Date "2009.09.26"]
[Round "1.1"]
[White "Motwani, Paul"]
[Black "Van der Stricht, Geert"]
[Result "1-0"]
[WhiteElo "2502"]
[BlackElo "2383"]
[PlyCount "57"]
[EventDate "2009.09.26"]
[EventType "team"]
[EventRounds "9"]
[EventCountry "NED"]
[SourceTitle "EXT 2010"]
[Source "ChessBase"]
[SourceDate "2010.11.25"]
[SourceVersion "1"]
[SourceVersionDate "2010.11.25"]
[SourceQuality "1"]
[WhiteTeam "Sas van Gent"]
[BlackTeam "Calder HMC"]
[WhiteTeamCountry "NED"]
[BlackTeamCountry "NED"]

1. e4 c5 2. Nc3 Nc6 3. Bb5 Nd4 4. Bc4 e6 5. Nge2 a6 6. Nxd4 cxd4 7. Ne2 b5 8. Bb3 Bb7 9. d3 d5 10. exd5 Bxd5 11. Nxd4 Bxg2 12. Rg1 Bb7 13. Be3 Nf6 14. a4 Qa5+ 15. Qd2 Qxd2+ 16. Kxd2 e5 17. Nf5 g6 18. Nh6 Nd5 19. Bxd5 Bxd5 20. axb5 f5 21. Bg5 axb5 22. Rxa8+ Bxa8 23. Ra1 Kd7 24. Nf7 Rg8 25. Ra7+ Ke6 26. Nd8+ Kd5 27. Rxa8 h6 28. Bf6 Bc5 29. Rb8 1-0

[Event "SCO-ch"]
[Site "Edinburgh"]
[Date "2009.07.18"]
[Round "8"]
[White "Motwani, Paul"]
[Black "Markos, Jan"]
[Result "0-1"]
[WhiteElo "2503"]
[BlackElo "2555"]
[PlyCount "80"]
[EventDate "2009.07.11"]
[EventType "swiss"]
[EventRounds "9"]
[EventCountry "SCO"]
[SourceTitle "CBM 131 Extra"]
[Source "ChessBase"]
[SourceDate "2009.09.03"]
[SourceVersion "2"]
[SourceVersionDate "2009.09.16"]
[SourceQuality "1"]

1. e4 c5 2. Nc3 Nc6 3. Bb5 d6 4. Bxc6+ bxc6 5. f4 g6 6. Nf3 Bg7 7. 0-0 Nf6 8. d3 c4 9. dxc4 Qb6+ 10. Kh1 Ba6 11. b3 Ng4 12. Qe1 0-0 13. h3 Nf6 14. e5 Ne8 15. Be3 Qc7 16. Rf2 Bh8 17. Bd4 Rd8 18. exd6 Nxd6 19. Bxh8 Kxh8 20. Rd1 Bc8 21. Rfd2 f6 22. Ne4 Nf5 23. Rxd8 Rxd8 24. Rxd8+ Qxd8 25. g4 Ng7 26. Qd2 Qxd2 27. Nexd2 Ne6 28. f5 gxf5 29. gxf5 Ng7 30. Nd4 Nxf5 31. Nxf5 Bxf5 32. Kg2 Bxc2 33. c5 Kg7 34. Kg3 Kf7 35. Nc4 Ke6 36. Kf4 Bb1 37. a3 Kd5 38. Nd2 e5+ 39. Ke3 Bf5 40. b4 Bxh3 0-1

[Event "SCO-ch"]
[Site "Edinburgh"]
[Date "2009.07.17"]
[Round "7"]
[White "Gourlay, Iain"]
[Black "Motwani, Paul"]
[Result "1/2-1/2"]
[WhiteElo "2349"]
[BlackElo "2503"]
[PlyCount "54"]
[EventDate "2009.07.11"]
[EventType "swiss"]
[EventRounds "9"]
[EventCountry "SCO"]
[SourceTitle "CBM 131 Extra"]
[Source "ChessBase"]
[SourceDate "2009.09.03"]
[SourceVersion "2"]
[SourceVersionDate "2009.09.16"]
[SourceQuality "1"]

1. Nf3 d5 2. c4 e6 3. g3 dxc4 4. Na3 Bxa3 5. bxa3 b5 6. Bb2 Nf6 7. a4 b4 8. Qc2 Nbd7 9. Qxc4 c5 10. Bg2 Bb7 11. d3 0-0 12. 0-0 Rc8 13. Qc2 a5 14. Nd2 Bxg2 15. Kxg2 Nd5 16. Nc4 N7b6 17. e4 Nxc4 18. Qxc4 Nb6 19. Qb5 Qd6 20. a3 Qc6 21. axb4 axb4 22. Rfc1 Rfd8 23. Qxc6 Rxc6 24. a5 Nd7 25. Rc4 e5 26. d4 exd4 27. Bxd4 f6 1/2-1/2

[Event "SCO-ch"]
[Site "Edinburgh"]
[Date "2009.07.14"]
[Round "4"]
[White "Motwani, Paul"]
[Black "Mitchell, Martin"]
[Result "1-0"]
[WhiteElo "2503"]
[BlackElo "2147"]
[PlyCount "41"]
[EventDate "2009.07.11"]
[EventType "swiss"]
[EventRounds "9"]
[EventCountry "SCO"]
[SourceTitle "CBM 131 Extra"]
[Source "ChessBase"]
[SourceDate "2009.09.03"]
[SourceVersion "2"]
[SourceVersionDate "2009.09.16"]
[SourceQuality "1"]

1. e4 g6 2. d4 Bg7 3. c4 d6 4. Nc3 e5 5. dxe5 dxe5 6. Qxd8+ Kxd8 7. f4 Nc6 8. Nf3 Be6 9. fxe5 Nxe5 10. Bf4 Nxc4 11. 0-0-0+ Kc8 12. Ng5 b5 13. Nxb5 Be5 14. Nxe6 fxe6 15. Bxc4 Bxf4+ 16. Kc2 Nf6 17. Rhf1 Be5 18. Nd4 Kb7 19. Nxe6 Rhe8 20. Nc5+ Kb6 21. Rxf6+ 1-0

[Event "SCO-ch"]
[Site "Edinburgh"]
[Date "2009.07.12"]
[Round "2"]
[White "Motwani, Paul"]
[Black "Grant, Jonathan"]
[Result "1-0"]
[WhiteElo "2503"]
[BlackElo "2254"]
[PlyCount "57"]
[EventDate "2009.07.11"]
[EventType "swiss"]
[EventRounds "9"]
[EventCountry "SCO"]
[SourceTitle "CBM 131 Extra"]
[Source "ChessBase"]
[SourceDate "2009.09.03"]
[SourceVersion "2"]
[SourceVersionDate "2009.09.16"]
[SourceQuality "1"]

1. e4 c6 2. d4 d5 3. e5 Bf5 4. h4 h5 5. Bd3 Bxd3 6. Qxd3 e6 7. Nf3 Ne7 8. Bg5 Qb6 9. Nbd2 Nf5 10. 0-0 Nd7 11. c4 Qa6 12. Qc3 dxc4 13. Nxc4 Nb6 14. Ne3 Nxe3 15. fxe3 Qc4 16. Qd2 Bb4 17. Qf2 Qd3 18. a3 Bf8 19. Ne1 Qg6 20. Nd3 Be7 21. Nf4 Qf5 22. e4 Qg4 23. Ng6 Bxg5 24. Qxf7+ Kd8 25. hxg5 Re8 26. Qxb7 Qxe4 27. Rf7 Qxd4+ 28. Kh2 Rc8 29. Qxa7 1-0

[Event "NED-chT 0506"]
[Site "Netherlands"]
[Date "2006.03.04"]
[Round "7.4"]
[White "Motwani, Paul"]
[Black "Van den Doel, Erik"]
[Result "1/2-1/2"]
[WhiteElo "2505"]
[BlackElo "2571"]
[PlyCount "49"]
[EventDate "2005.09.24"]
[EventType "team"]
[EventRounds "9"]
[EventCountry "NED"]
[SourceTitle "EXT 2007"]
[Source "ChessBase"]
[SourceDate "2006.11.23"]
[SourceVersion "1"]
[SourceVersionDate "2006.11.23"]
[SourceQuality "1"]
[WhiteTeam "Sas van Gent"]
[BlackTeam "Breda Worx"]
[WhiteTeamCountry "NED"]
[BlackTeamCountry "NED"]

1. Nf3 d5 2. g3 Bg4 3. Bg2 Nd7 4. c4 e6 5. cxd5 exd5 6. Nc3 c6 7. 0-0 Ngf6 8. d3 Bc5 9. e4 dxe4 10. dxe4 0-0 11. Qc2 Re8 12. Nh4 Ne5 13. h3 Be6 14. Na4 Be7 15. Rd1 Nfd7 16. Nf5 Bxf5 17. exf5 b5 18. Nc3 Qc8 19. Ne4 Nf6 20. Nd6 Bxd6 21. Rxd6 Qc7 22. Rd1 Rac8 23. b3 c5 24. Be3 c4 25. Bd4 1/2-1/2

[Event "BEL-chT 0506"]
[Site "Belgium"]
[Date "2006.01.08"]
[Round "6"]
[White "Motwani, Paul"]
[Black "Ikonnikov, Vyacheslav"]
[Result "0-1"]
[WhiteElo "2505"]
[BlackElo "2566"]
[PlyCount "70"]
[EventDate "2005.10.09"]
[EventType "team-tourn"]
[EventRounds "11"]
[EventCountry "BEL"]
[SourceTitle "EXT 2007"]
[Source "ChessBase"]
[SourceDate "2006.11.23"]
[SourceVersion "1"]
[SourceVersionDate "2006.11.23"]
[SourceQuality "1"]
[WhiteTeam "Boey Temse"]
[BlackTeam "Jean Jaures"]
[WhiteTeamCountry "BEL"]
[BlackTeamCountry "BEL"]

1. e4 c5 2. Nc3 Nc6 3. Bb5 Nd4 4. Nf3 e6 5. 0-0 a6 6. Bd3 Nxf3+ 7. Qxf3 Qc7 8. b3 Bd6 9. g3 Nf6 10. Bb2 Be5 11. Qe2 0-0 12. f4 Bd4+ 13. Kg2 b5 14. e5 Bb7+ 15. Kh3 Ne8 16. a4 b4 17. Nd1 Bxb2 18. Nxb2 f5 19. Nc4 a5 20. Rae1 Kh8 21. g4 g6 22. Rg1 Rf7 23. gxf5 exf5 24. Qf2 Bd5 25. Qh4 Rg7 26. Rg3 Qc6 27. e6 d6 28. e7 Bf3 29. Ne3 Qb7 30. Nxf5 gxf5 31. Rxg7 Kxg7 32. Qg5+ Kh8 33. Qxf5 Bg4+ 34. Qxg4 Qd5 35. Bc4 h5 0-1